000 00558nam a2200181Ia 4500
008 090630s9999 xx 000 0 und d
082 _b27975
100 _aकाळे वैजयंती.
245 _aमदहोश.
_cकाळे वैजयंती.
260 _bसुकृत - पुणे.
_c2007
300 _a252
600 _aकाळे वैजयंती.
630 _aमदहोश.
655 _aकादंबरी.
700 _aकाळे वैजयंती.
730 _aमदहोश.
942 _cBOOK
999 _c279831
_d279831